| 000 | 00537nam a2200169 i 4500 | ||
|---|---|---|---|
| 001 | 80817 | ||
| 003 | ES-MaACL | ||
| 005 | 20230906174315.0 | ||
| 007 | t| | ||
| 008 | 041029s1978 sp ||||1| spa d | ||
| 100 | 1 |
_aHopkins, Gerard Manley. _964168 |
|
| 245 | 1 | 0 |
_aAntología bilingüe / _cGerard Manley Hopkins ; traducción y estudio preliminar por Manuel Linares Megías. |
| 260 |
_a[S.L. : _bs.n., _c1978] |
||
| 300 |
_a238 p. : _bil. ; _c24 cm. |
||
| 700 | 1 |
_aLinares Megías, Manuel. _972352 |
|
| 852 |
_aES-MaACL _jA-9952 _bR.99138 |
||
| 999 |
_c80817 _d80817 |
||